Where is your risk? Identifying potential failure points in support organizations (Record no. 65582)

000 -LEADER
fixed length control field 00401pab a2200145 454500
008 - FIXED-LENGTH DATA ELEMENTS--GENERAL INFORMATION
fixed length control field 180718b2004-2005 xxu||||| |||| 00| 0 eng d
100 ## - MAIN ENTRY--PERSONAL NAME
Personal name Moore, William B.
245 ## - TITLE STATEMENT
Title Where is your risk? Identifying potential failure points in support organizations
260 ## - PUBLICATION, DISTRIBUTION, ETC.
Date of publication, distribution, etc. 2004-2005
300 ## - PHYSICAL DESCRIPTION
Extent p.12-16.
362 ## - DATES OF PUBLICATION AND/OR SEQUENTIAL DESIGNATION
Dates of publication and/or sequential designation Winter
650 ## - SUBJECT ADDED ENTRY--TOPICAL TERM
Topical term or geographic name entry element Organizations
773 ## - HOST ITEM ENTRY
Main entry heading Public Manager
909 ## -
-- 65582
Holdings
Withdrawn status Lost status Damaged status Not for loan Permanent Location Current Location Date acquired Serial Enumeration / chronology Barcode Date last seen Price effective from Koha item type
        Indian Institute of Public Administration Indian Institute of Public Administration 2018-07-19 Volume no: 33, Issue no: 3 AR66034 2018-07-19 2018-07-19 Articles

Powered by Koha